000 00637nam a2200277Ia 4500
001 Z_5152
003 CHAP
008 220113s2004 xx 000 0 und d
010 _a168211
040 _cCHAP
082 _a636.9063 W6
100 _aWorld Rabbit Congress ( 8 : 2004 : Puebla, Méx.)
_9142483
245 _aProceedings /
_cpor Colegio de Posgraduados
260 _aPuebla, Pue :
_bUACH,
_c2004
300 _a242 p.
440 _a
500 _a
503 _a
650 _aCunicultura
_xCongresos
_930450
901 _a636.9063 W6
902 _aA
910 _a2004
942 _c1
942 _cc1
999 _c168211
_d168211